| 000 | 00378nam a2200133Ia 4500 | ||
|---|---|---|---|
| 008 | 231017s9999 xx 000 0 und d | ||
| 082 | _a388.4068 | ||
| 082 | _bHOU | ||
| 245 | 0 | _aEvacuating Populations with Special Needs: Routes to Effective Evacuation Planning Primer Series Apr 2009 | |
| 245 | 0 | _cNancy Houston | |
| 260 | _bNancy Houston | ||
| 300 | _c30cm | ||
| 942 | _cREP | ||
| 999 |
_c604137 _d604137 |
||